000
00343 a2200157 4500
001
174073
020
_a
040
_c
Magnum
100
_a
Oliveira, Maria Helena Cozzolino de
240
1
0
_a
Metodologia da linguagem
_l
por
245
1
0
_a
Metodologia da linguagem
362
0
_a
1899
440
1
_a
Saraiva
697
_a
ENSINO
942
_c
BK
999
_c
174073
_d
174073